Personnages de Soy Luna - Statistiques

Statistiques générales
  • Ce quiz a été pris 354 fois
  • Le résultat moyen est 29 sur 82
Statistiques - réponses
Hint Réponse % Correct
/ Luna
100%
/ Ambar
98%
/ Mattéo
98%
/ Simón
98%
/ Nina
91%
/ Yamila
87%
/ Jazmín
86%
/ Pedro
85%
/ Gastón
84%
/ Jimena
84%
/ Nicolás
84%
/ Ramiro
82%
/ Delfína
81%
/ Miguel
79%
/ Sharon
78%
/ Monica
75%
/ Reinaldo
72%
/ Tamara
69%
/ Catolino
68%
/ Martino
66%
/ Amanda
65%
/ Emilia
57%
/ Juliana
55%
/ Alfredo
54%
/ Ana
50%
/ Benicio
50%
/ Eric
45%
/ Gary
43%
/ Michel
43%
/ Ricardo
42%
/ Mora
39%
/ Sebastian
39%
/ Sol Benson
39%
/ Eva / Ada
37%
/ Daniela
35%
/ Lili Benson
33%
/ Maggie
32%
/ Sofía
29%
/ Bernie Benson
28%
/ Sabrina Carpenter
27%
/ Emma
26%
/ Fernanda
25%
/ Mar
24%
/ Santiago Owen
24%
/ Xavi
24%
/ Florencia
22%
/ Roberto Muñoz
21%
/ Dove Cameron
20%
/ Tini
20%
/ Olga
17%
/ Mariano
13%
/ Pablo
13%
/ Camila
9%
/ Soraya / La générale
8%
/ Angelo Balsano
7%
/ Bruno
7%
/ Sofía Carson
7%
/ Tómas
7%
/ Arcade
6%
/ Paula
6%
/ Perla
6%
/ Rocco
6%
/ Clara
5%
/ Dario
5%
/ Luis Tang
5%
/ Silvana
5%
/ Victorino Wang
5%
/ Dina Miller
4%
/ Elena
4%
/ Marcos Gutiérrez
4%
/ Mme Rodriguez
4%
/ Rosales
4%
/ Vero
4%
/ Facundo
3%
/ Manuel
3%
/ Oliverio
3%
/ Willy Star
3%
/ Alan
2%
/ Belen
2%
/ Damian
2%
/ Diego
2%
/ Le député
2%
Aucun quiz correspondant
Distribution des résultats
% des personnes avec chaque résultat
Percentile par nombre de réponses
Votre historique - résultats
Vous n’avez pas pris ce quiz